000 00751nam a2200253Ia 4500
003 OSt
005 20220928115653.0
006 a|||||r|||| 00| 0
007 ta
008 220927b |||||||| |||| 00| 0 eng d
020 _cUSD 145.00
024 _a143744
037 _b45, 28/02/2020, Shivam Book Service
_cTextual
040 _aSDCL
_cSDCL
_beng
041 _2eng
_aeng
082 _aS2:3, Q8
100 _aMugimu Christopher R.
_9445445
245 0 _aPsychology of entrepreneurship
260 _aNew York
_b Magnum Publishing
_c2018
300 _axi,300p.
_ccm.
650 _aApplied Psychology
942 _hS2:3, Q8
_cTEXL
_2CC
999 _c760389
_d760389